How effective are food for education programs? : (Record no. 18489)

000 -LEADER
fixed length control field 00632cam a22001814a 4500
020 ## - INTERNATIONAL STANDARD BOOK NUMBER
ISBN 9780896295094 (pbk.)
040 ## - CATALOGING SOURCE
Transcribing agency DLC
082 00 - DEWEY DECIMAL CLASSIFICATION NUMBER
Classification number 363 INT 2008 C146 Or.
100 1# - MAIN ENTRY--AUTHOR NAME
Personal name Adelman, Sarah.
245 10 - TITLE STATEMENT
Title How effective are food for education programs? :
Remainder of title a critical assessment of the evidence from developing countries /
260 ## - PUBLICATION, DISTRIBUTION, ETC. (IMPRINT)
Place of publication Washington, D.C. :
Name of publisher International Food Policy Research Institute,
Year of publication c2008.
300 ## - PHYSICAL DESCRIPTION
Number of Pages 69 p. :
Other physical details ill. ;
Dimensions 23 cm.
650 #0 - SUBJECT ADDED ENTRY--TOPICAL TERM
Topical Term School children
700 1# - ADDED ENTRY--PERSONAL NAME
Personal name Gilligan, Daniel.
700 1# - ADDED ENTRY--PERSONAL NAME
Personal name Lehrer, Kim.
856 41 - ELECTRONIC LOCATION AND ACCESS
Uniform Resource Identifier http://www.loc.gov/catdir/toc/ecip0814/2008013124.html
942 ## - ADDED ENTRY ELEMENTS (KOHA)
Koha item type ADB
952 ## - LOCATION AND ITEM INFORMATION (KOHA)
Withdrawn status [LOCAL, KOHA] 0
Holdings
Source of acquisition Permanent Location Date acquired Koha item type Lost status Shelving location Current Location Full call number
a39052Library Block C2019-12-11សៀវភៅភាសាអង់គ្លេស C146Library Block C363 INT 2008 C146 Or.
មជ្ឈមណ្ឌលឯការនៃសាកលវិទ្យាល័យភូមិន្ទកសិកម្មចំការដូង

Powered by Koha